000 00343 a2200157 4500
001 181068
020 _a
040 _cMagnum
100 _aOrthof, Sylvia
240 1 0 _aTia carlota tricota e tricota
_lpor
245 1 0 _aTia carlota tricota e tricota
362 0 _a1899
440 1 _aPaulinas
697 _aMAGNITO: I/GERAL
942 _cBK
999 _c181068
_d181068